عرض عادي
عرض مارك
- Personality change
دخول Topical Term
001 - CONTROL NUMBER
- control field: 24203
003 - CONTROL NUMBER IDENTIFIER
- control field: AE-AdECS
005 - DATE AND TIME OF LATEST TRANSACTION
- control field: 20251212072038.0
008 - FIXED-LENGTH DATA ELEMENTS
- fixed length control field: 251212|| aca||aabn | a|a d
040 ## - CATALOGING SOURCE
- Original cataloging agency: AE-AdECS
- Transcribing agency: AE-AdECS
150 ## - HEADING--TOPICAL TERM
- Topical term or geographic name entry element: Personality change
670 ## - SOURCE DATA FOUND
- Source citation: Work cat.: (AE-AdECS)293415: Gross, Zoltan, author. 24202, Changing habits of mind :
